000 00467pab a2200169 454500
008 180718b2002 xxu||||| |||| 00| 0 eng d
100 _aTilak, Jandhyala B.G.
245 _aDeterminants of household expenditure on education in India: a preliminary analysis
260 _c2002
300 _ap.326-32.
362 _aAug
650 _aHouseholds - India
650 _aEducation - India
650 _aEducation
773 _aAsian Economic Review
909 _a54209
999 _c54209
_d54209